<?xml version="1.0" encoding="UTF-8"?>
<record
    xmlns:xsi="http://www.w3.org/2001/XMLSchema-instance"
    xsi:schemaLocation="http://www.loc.gov/MARC21/slim http://www.loc.gov/standards/marcxml/schema/MARC21slim.xsd"
    xmlns="http://www.loc.gov/MARC21/slim">

  <leader>00831nam a2200217Ia 4500</leader>
  <controlfield tag="001">12680</controlfield>
  <controlfield tag="003">GE_BSU</controlfield>
  <controlfield tag="008">181216s||||||||xx |||||||||||||| ||und||</controlfield>
  <datafield tag="040" ind1=" " ind2=" ">
    <subfield code="c">GE_BSU</subfield>
  </datafield>
  <datafield tag="080" ind1=" " ind2=" ">
    <subfield code="a">631.4</subfield>
  </datafield>
  <datafield tag="100" ind1=" " ind2=" ">
    <subfield code="a">&#x414;&#x430;&#x440;&#x430;&#x441;&#x435;&#x43B;&#x438;&#x44F;,&#x41C;.&#x41A;.</subfield>
  </datafield>
  <datafield tag="245" ind1=" " ind2=" ">
    <subfield code="a">&#x41A;&#x440;&#x430;&#x441;&#x43D;&#x43E;&#x437;&#x435;&#x43C;&#x43D;&#x44B;&#x435; &#x438; &#x43F;&#x43E;&#x434;&#x437;&#x43E;&#x43B;&#x438;&#x441;&#x442;&#x44B;&#x435; &#x43F;&#x43E;&#x447;&#x432;&#x44B; &#x413;&#x440;&#x443;&#x437;&#x438;&#x438; &#x438; &#x438;&#x445; &#x438;&#x441;&#x43F;&#x43E;&#x43B;&#x44C;&#x437;&#x43E;&#x432;&#x430;&#x43D;&#x438;&#x435; &#x43F;&#x43E;&#x434; &#x441;&#x443;&#x431;&#x442;&#x440;&#x43E;&#x43F;&#x438;&#x447;&#x435;&#x441;&#x43A;&#x438;&#x435; &#x43A;&#x443;&#x43B;&#x44C;&#x442;&#x443;&#x440;&#x44B;</subfield>
  </datafield>
  <datafield tag="245" ind1=" " ind2=" ">
    <subfield code="c">&#x41E;&#x442;&#x432;.&#x440;&#x435;&#x434;.&#x418;.&#x414;.&#x413;&#x430;&#x43C;&#x43A;&#x440;&#x435;&#x43B;&#x438;&#x434;&#x437;&#x435;</subfield>
  </datafield>
  <datafield tag="260" ind1=" " ind2=" ">
    <subfield code="a">&#x41C;&#x430;&#x445;&#x430;&#x440;&#x430;&#x434;&#x437;&#x435;-&#x410;&#x43D;&#x430;&#x441;&#x435;&#x443;&#x43B;&#x438;</subfield>
  </datafield>
  <datafield tag="260" ind1=" " ind2=" ">
    <subfield code="b">&#x412;&#x41D;&#x418;&#x418;&#x427; &#x438; &#x421;&#x41A;</subfield>
  </datafield>
  <datafield tag="260" ind1=" " ind2=" ">
    <subfield code="c">1949</subfield>
  </datafield>
  <datafield tag="300" ind1=" " ind2=" ">
    <subfield code="a">448&#x441;&#x442;&#x440;.21&#x441;&#x43C;.</subfield>
  </datafield>
  <datafield tag="541" ind1=" " ind2=" ">
    <subfield code="h">5&#x41B;.</subfield>
  </datafield>
  <datafield tag="653" ind1=" " ind2=" ">
    <subfield code="a">&#x41A;&#x440;&#x430;&#x441;&#x43D;&#x43E;&#x437;&#x435;&#x43C;&#x43D;&#x44B;&#x435; &#x438; &#x43F;&#x43E;&#x434;&#x437;&#x43E;&#x43B;&#x438;&#x441;&#x442;&#x44B;&#x435; &#x43F;&#x43E;&#x447;&#x432;&#x44B; &#x413;&#x440;&#x443;&#x437;&#x438;&#x438; &#x438; &#x438;&#x445; &#x438;&#x441;&#x43F;&#x43E;&#x43B;&#x44C;&#x437;&#x43E;&#x432;&#x430;&#x43D;&#x438;&#x435; &#x43F;&#x43E;&#x434; &#x441;&#x443;&#x431;&#x442;&#x440;&#x43E;&#x43F;&#x438;&#x447;&#x435;&#x441;&#x43A;&#x438;&#x435; &#x43A;&#x443;&#x43B;&#x44C;&#x442;&#x443;&#x440;&#x44B;</subfield>
  </datafield>
  <datafield tag="942" ind1=" " ind2=" ">
    <subfield code="c">BK</subfield>
  </datafield>
  <datafield tag="999" ind1=" " ind2=" ">
    <subfield code="c">45851</subfield>
    <subfield code="d">45851</subfield>
  </datafield>
  <datafield tag="952" ind1=" " ind2=" ">
    <subfield code="0">0</subfield>
    <subfield code="1">0</subfield>
    <subfield code="4">0</subfield>
    <subfield code="7">0</subfield>
    <subfield code="9">60144</subfield>
    <subfield code="d">2018-12-17</subfield>
    <subfield code="p">20939</subfield>
    <subfield code="r">2018-12-17</subfield>
    <subfield code="w">2018-12-17</subfield>
    <subfield code="y">BK</subfield>
  </datafield>
</record>
